The opera reader.

Bibliographic Details
Main Author: Biancolli, Louis Leopold
Format: Book
Language:English
Published: New York : Grosset & Dunlap, [1953]
Subjects:

MARC

Tag First Indicator Second Indicator Subfields
LEADER 00000cam a2200000 i 4500
001 in00000079326
005 20151008060825.0
008 780419s1953 nyu 00110deng d
035 |a (OCoLC)03812340 
035 |9 AAJ6662AM 
040 |a NED  |c NED  |d m.c.  |d TXA  |d UtOrBLW 
049 |a TXAM  |c 1 [903717], 2 [364093] 
090 |a ML1700  |b  B47 1953a 
092 |a 782.08 
100 1 |a Biancolli, Louis Leopold. 
245 1 4 |a The opera reader. 
264 1 |a New York :  |b Grosset & Dunlap,  |c [1953] 
300 |a 678 pages ;  |c 22 cm. 
336 |a text  |b txt  |2 rdacontent 
337 |a unmediated  |b n  |2 rdamedia 
338 |a volume  |b nc  |2 rdacarrier 
650 0 |a Opera. 
650 0 |a Composers. 
650 0 |a Operas  |v Stories, plots, etc. 
999 |a MARS 
999 f f |s 57874d8d-91b6-3453-a66f-690201f6a6fa  |i 398fe6a3-dcaf-3333-9112-7e8a928d6a2e  |t 0 
952 f f |p ric  |a Texas A&M University  |b Rellis Campus  |c Joint Library Facility  |d Remote Storage  |t 0  |e ML1700 B47 1953a  |h Library of Congress classification  |i unmediated -- volume  |m A14806165588 
952 f f |p storage  |a Texas A&M University  |b J.J. Pickle Campus  |c High Density Repository  |d Remote Storage  |t 0  |e ML1700 B47 1953a  |h Library of Congress classification  |i unmediated -- volume  |m A14803363357 
998 f f |a ML1700 B47 1953a  |t 0  |l Remote Storage 
998 f f |a ML1700 B47 1953a  |t 0  |l Remote Storage